书目信息 |
| 题名: |
陆地鏖战
|
|
| 作者: | 卢哲俊 编著 | |
| 分册: | ||
| 出版信息: | 济南 黄河出版社 2000.01 |
|
| 页数: | 311页 | |
| 开本: | 32开 | |
| 丛书名: | ||
| 单 册: | ||
| 中图分类: | E841 | |
| 科图分类: | ||
| 主题词: | 战略 , 战役 , 战术 | |
| 电子资源: | ||
| ISBN: | 7-80152-124-2 | |
| 000 | 00567nam0 2200217 45 | |
| 001 | 0102131546 | |
| 005 | 20010213152243.4 | |
| 010 | @a7-80152-124-2@d16.00元 | |
| 100 | @a20010213d2000 km y0chiy0120 ea | |
| 101 | 0 | @achi |
| 105 | @a z 000yy | |
| 200 | 1 | @a陆地鏖战@ALu Di Ao Zhan@f卢哲俊等编著@FLu Zhe Jun Deng Bian Zhu |
| 210 | @a济南@c黄河出版社@d2000.01 | |
| 215 | @a311页@d32开 | |
| 606 | 0 | @a战略 |
| 606 | 0 | @a战役 |
| 606 | 0 | @a战术 |
| 690 | @aE841@v3 | |
| 701 | 0 | @a卢哲俊@4编著 |
| 801 | @aCN@bPftUser@c20010213 | |
| 905 | @b321582-593@dE841@eL363@f12 | |
| 陆地鏖战/卢哲俊等编著.-济南:黄河出版社,2000.01 |
| 311页;32开 |
| ISBN 7-80152-124-2:16.00元 |
| ● |
| 相关链接 |
|
|
|
正题名:陆地鏖战
索取号:E841/L363
 
预约/预借
| 序号 | 登录号 | 条形码 | 馆藏地/架位号 | 状态 | 备注 |
| 1 | 321582 | 203215822 | 社科库509/509社科库 122排1列5层/ [索取号:E841/L363] | 在馆 | |
| 2 | 321583 | 203215831 | 社科库509/509社科库 122排1列5层/ [索取号:E841/L363] | 在馆 | |
| 3 | 321584 | 203215840 | 社科库509/509社科库 122排1列5层/ [索取号:E841/L363] | 在馆 | |
| 4 | 321585 | 203215859 | 社科库509/509社科库 122排1列5层/ [索取号:E841/L363] | 在馆 | |
| 5 | 321586 | 203215868 | 社科库509/509社科库 122排1列5层/ [索取号:E841/L363] | 在馆 | |
| 6 | 321587 | 203215877 | 社科库509/509社科库 122排1列5层/ [索取号:E841/L363] | 在馆 | |
| 7 | 321588 | 203215886 | 社科库509/509社科库 122排1列5层/ [索取号:E841/L363] | 在馆 | |
| 8 | 321589 | 203215895 | 社科库509/509社科库 122排1列5层/ [索取号:E841/L363] | 在馆 | |
| 9 | 321590 | 203215902 | 社科库509/509社科库 122排1列5层/ [索取号:E841/L363] | 在馆 | |
| 10 | 321591 | 203215911 | 社科库509/509社科库 122排1列5层/ [索取号:E841/L363] | 在馆 | |
| 11 | 321592 | 203215920 | 社科库509/509社科库 122排1列6层/ [索取号:E841/L363] | 在馆 | |
| 12 | 321593 | 203215939 | 社科库509/509社科库 122排1列5层/ [索取号:E841/L363] | 在馆 |